[Event "IECC CL7-2008.03 email"]
[Site "IECC email"]
[Date "2008.03.09"]
[Round "?"]
[White "Newman, Ben"]
[Black "Hintze, Russell P"]
[Result "1-0"]
[WhiteElo "1174"]
[BlackElo "1073"]
[PlyCount "49"]
[EventDate "2008.??.??"]
[EventType "tourn (corr)"]
[EventRounds "4"]
[SourceTitle "Corr 2013"]
[Source "ChessBase"]
[SourceDate "2012.11.12"]
[SourceVersion "1"]
[SourceVersionDate "2012.11.12"]
[SourceQuality "1"]
[WhiteTeam "Nicaragua"]
[BlackTeam "US of America"]
[WhiteTeamCountry "NCA"]
[BlackTeamCountry "USA"]

1. d4 Nf6 2. c4 g6 3. Nc3 Bg7 4. e4 d6 5. Nf3 0-0 6. Be2 e5 7. 0-0 Nc6 8. d5 Ne7 9. b4 a5 10. bxa5 c5 11. a4 Qxa5 12. Bd2 Qd8 13. Qc2 Bg4 14. Nb5 Bxf3 15. Bxf3 Nd7 16. Nxd6 Qb6 17. Nb5 f5 18. Rab1 fxe4 19. Bxe4 Nf6 20. f4 Nxe4 21. Qxe4 Nf5 22. fxe5 Nd4 23. Rxf8+ Rxf8 24. Nxd4 cxd4 25. Rxb6 1-0

[Event "IECC CL7-2008.03 email"]
[Site "IECC email"]
[Date "2008.03.09"]
[Round "?"]
[White "Newman, Ben"]
[Black "Leino, Risto"]
[Result "1-0"]
[WhiteElo "1185"]
[BlackElo "1074"]
[PlyCount "55"]
[EventDate "2008.??.??"]
[EventType "tourn (corr)"]
[EventRounds "4"]
[SourceTitle "Corr 2013"]
[Source "ChessBase"]
[SourceDate "2012.11.12"]
[SourceVersion "1"]
[SourceVersionDate "2012.11.12"]
[SourceQuality "1"]
[WhiteTeam "Nicaragua"]
[BlackTeam "US of America"]
[WhiteTeamCountry "NCA"]
[BlackTeamCountry "USA"]

1. Nf3 Nf6 2. d4 e6 3. c4 d5 4. cxd5 Nxd5 5. Nc3 Bb4 6. Bd2 0-0 7. e3 Nc6 8. a3 Bxc3 9. bxc3 Re8 10. c4 Nf6 11. Be2 b6 12. 0-0 Ne4 13. Bd3 Nxd2 14. Qxd2 Ba6 15. Qc2 g6 16. Be4 Bb7 17. h3 Na5 18. Bxb7 Nxb7 19. Ne5 Na5 20. Rab1 f6 21. Nf3 Nc6 22. Rfc1 Qd6 23. c5 Qd5 24. cxb6 Na5 25. bxc7 Qd7 26. Qc5 Qd5 27. Rb5 Qxc5 28. Rcxc5 1-0

[Event "IECC Swiss-511.4"]
[Site "IECC email"]
[Date "2007.12.10"]
[Round "?"]
[White "Kulkarni, Samir"]
[Black "Newman, Ben"]
[Result "1-0"]
[WhiteElo "1567"]
[BlackElo "1160"]
[PlyCount "53"]
[EventDate "2007.??.??"]
[EventType "swiss (corr)"]
[EventRounds "1"]
[SourceTitle "Corr 2020"]
[Source "ChessBase"]
[SourceDate "2019.09.30"]
[SourceVersion "1"]
[SourceVersionDate "2019.09.30"]
[SourceQuality "1"]
[WhiteTeam "India"]
[BlackTeam "Canada"]
[WhiteTeamCountry "IND"]
[BlackTeamCountry "CAN"]

1. d4 Nf6 2. Nf3 d5 3. e3 c5 4. dxc5 Qa5+ 5. Nbd2 Nc6 6. Be2 e5 7. 0-0 Qxc5 8. c4 Be7 9. Nb3 Qd6 10. cxd5 Nxd5 11. e4 Nf6 12. Qxd6 Bxd6 13. Rd1 Nxe4 14. Bd3 f5 15. Bc4 Ke7 16. Ng5 h6 17. Nxe4 fxe4 18. Bd5 Bd7 19. Bxe4 Rhf8 20. Be3 Bf5 21. Bxc6 bxc6 22. Na5 Rfc8 23. Rac1 Be4 24. h3 g5 25. a3 Rab8 26. Bxa7 Rxb2 27. Rxd6 1-0

[Event "P-4360"]
[Site "IECC email"]
[Date "2007.08.29"]
[Round "?"]
[White "Reni, Norbert"]
[Black "Newman, Ben"]
[Result "0-1"]
[WhiteElo "1061"]
[BlackElo "1147"]
[PlyCount "68"]
[EventDate "2007.??.??"]
[EventType "tourn (corr)"]
[SourceTitle "Corr 2020"]
[Source "ChessBase"]
[SourceDate "2019.09.30"]
[SourceVersion "1"]
[SourceVersionDate "2019.09.30"]
[SourceQuality "1"]
[WhiteTeam "Australia"]
[BlackTeam "Canada"]
[WhiteTeamCountry "AUS"]
[BlackTeamCountry "CAN"]

1. e4 e5 2. Nf3 Nc6 3. Bc4 Nf6 4. Ng5 d5 5. Nxf7 Kxf7 6. exd5 Na5 7. Be2 Nxd5 8. d3 Bc5 9. 0-0 Rf8 10. a3 Kg8 11. Bf3 Nc6 12. c3 a5 13. Qb3 Be6 14. Qd1 a4 15. Nd2 Nf4 16. Ne4 Bb3 17. Qd2 Nxd3 18. Qg5 Qxg5 19. Bxg5 h6 20. Bh4 Bb6 21. Nd2 Bc2 22. Bd5+ Kh8 23. Nf3 Rae8 24. Nd2 Nf4 25. Bf3 g5 26. Bg3 e4 27. Nxe4 Bxe4 28. Rfe1 Bxf3 29. Rxe8 Rxe8 30. gxf3 Nd3 31. Rb1 Re2 32. Kg2 Bxf2 33. Bxf2 Rxf2+ 34. Kg3 Rxb2 0-1

[Event "IECC CL7-2007.01 email"]
[Site "IECC email"]
[Date "2007.01.08"]
[Round "?"]
[White "Newman, Ben"]
[Black "Ratliff, Charles"]
[Result "1/2-1/2"]
[WhiteElo "1082"]
[BlackElo "1353"]
[PlyCount "46"]
[EventDate "2007.??.??"]
[EventType "tourn (corr)"]
[EventRounds "4"]
[SourceTitle "Corr 2008"]
[Source "ChessBase"]
[SourceDate "2008.06.24"]
[SourceVersion "1"]
[SourceVersionDate "2008.06.24"]
[SourceQuality "1"]
[WhiteTeam "Canada"]
[BlackTeam "US of America"]
[WhiteTeamCountry "CAN"]
[BlackTeamCountry "USA"]

1. d4 d5 2. c4 e5 3. dxe5 d4 4. Nf3 Nc6 5. a3 Be6 6. e3 dxe3 7. Qxd8+ Rxd8 8. Bxe3 Nge7 9. Nc3 Nf5 10. Bg5 Be7 11. Bxe7 Nfxe7 12. Be2 0-0 13. 0-0 Ng6 14. b4 Ngxe5 15. Nxe5 Nxe5 16. c5 a6 17. f4 Nc6 18. f5 Bb3 19. Bf3 Rd3 20. Ne2 Bc4 21. Rfe1 Rfd8 22. Bxc6 bxc6 23. Nf4 R3d7 1/2-1/2

[Event "IECC CL7-2007.01 email"]
[Site "IECC email"]
[Date "2007.01.08"]
[Round "?"]
[White "Reni, Norbert"]
[Black "Newman, Ben"]
[Result "0-1"]
[WhiteElo "1047"]
[BlackElo "1107"]
[PlyCount "100"]
[EventDate "2007.??.??"]
[EventType "tourn (corr)"]
[EventRounds "4"]
[SourceTitle "Corr 2011"]
[Source "ChessBase"]
[SourceDate "2010.08.31"]
[SourceVersion "1"]
[SourceVersionDate "2010.08.31"]
[SourceQuality "1"]
[WhiteTeam "Italy"]
[BlackTeam "Chile"]
[WhiteTeamCountry "ITA"]
[BlackTeamCountry "CHI"]

1. e4 e5 2. Nf3 Nc6 3. Nc3 Nf6 4. Bc4 Nxe4 5. d4 Nxc3 6. Qd3 e4 7. Qe3 d5 8. Bb3 Be6 9. Ng5 Nb5 10. Nxe6 fxe6 11. c3 Qf6 12. 0-0 0-0-0 13. Bd1 Nd6 14. Qe2 h5 15. Qc2 g5 16. Be2 g4 17. Bd2 Bh6 18. Bc1 Bxc1 19. Raxc1 Rhg8 20. b4 h4 21. a4 g3 22. h3 gxf2+ 23. Rxf2 Qg5 24. Bg4 Rde8 25. Qe2 Nf5 26. Rd1 Ng3 27. Qc2 Rg6 28. Re1 Ne7 29. c4 Nef5 30. Qc3 Kb8 31. c5 e3 32. Rb2 e5 33. b5 exd4 34. Qb3 Re5 35. Qb4 Rf6 36. c6 b6 37. a5 Ne4 38. axb6 cxb6 39. Ra1 Qg7 40. Qa3 Nc3 41. Re1 e2 42. Bxe2 Nxe2+ 43. Rbxe2 Rxe2 44. Rxe2 Ne3 45. Rxe3 dxe3 46. Qxe3 Rf8 47. Qd2 Qa1+ 48. Kh2 Rf1 49. g4 Rh1+ 50. Kg2 Qf1# 0-1

[Event "IECC Swiss-512.1"]
[Site "IECC email"]
[Date "2006.05.24"]
[Round "?"]
[White "Wozniak, Zbigniew"]
[Black "Newman, Ben"]
[Result "1-0"]
[WhiteElo "1756"]
[BlackElo "1062"]
[PlyCount "63"]
[EventDate "2006.??.??"]
[EventType "swiss (corr)"]
[EventRounds "1"]
[SourceTitle "Corr 2020"]
[Source "ChessBase"]
[SourceDate "2019.09.30"]
[SourceVersion "1"]
[SourceVersionDate "2019.09.30"]
[SourceQuality "1"]
[WhiteTeam "Poland"]
[BlackTeam "Canada"]
[WhiteTeamCountry "POL"]
[BlackTeamCountry "CAN"]

1. e4 e5 2. Nf3 Nc6 3. Bb5 a6 4. Ba4 Nf6 5. 0-0 Be7 6. Re1 b5 7. Bb3 d6 8. c3 0-0 9. h3 Bb7 10. d4 Re8 11. Nbd2 Bf8 12. a4 h6 13. Bc2 exd4 14. cxd4 Nb4 15. Bb1 c5 16. d5 Nd7 17. Ra3 f5 18. Nh2 Nf6 19. Rg3 Qd7 20. b3 fxe4 21. Nxe4 Nbxd5 22. Nxf6+ Nxf6 23. Rxe8 Rxe8 24. Bxh6 Be4 25. Bg5 Bxb1 26. Bxf6 Be4 27. Ng4 Kh8 28. Ne5 Qe6 29. Qh5+ Kg8 30. Ng4 bxa4 31. Nh6+ Kh8 32. Bxg7+ 1-0

[Event "IECC CL7-2006.03 email"]
[Site "IECC email"]
[Date "2006.02.23"]
[Round "?"]
[White "Newman, Ben"]
[Black "Crowley, Mike"]
[Result "0-1"]
[WhiteElo "1135"]
[BlackElo "1060"]
[PlyCount "84"]
[EventDate "2006.??.??"]
[EventType "tourn (corr)"]
[EventRounds "4"]
[SourceTitle "Corr 2020"]
[Source "ChessBase"]
[SourceDate "2019.09.30"]
[SourceVersion "1"]
[SourceVersionDate "2019.09.30"]
[SourceQuality "1"]
[WhiteTeam "Canada"]
[BlackTeam "United States"]
[WhiteTeamCountry "CAN"]
[BlackTeamCountry "USA"]

1. e4 e5 2. Nf3 Nf6 3. Nxe5 Qe7 4. d4 d6 5. Nf3 Nxe4 6. Be2 Bg4 7. 0-0 Nd7 8. Nbd2 0-0-0 9. Nxe4 Qxe4 10. Re1 h6 11. h3 Bh5 12. Nh2 Re8 13. Be3 Bxe2 14. Rxe2 g5 15. f3 Qf5 16. Qd2 d5 17. Rae1 Nb6 18. b3 Bd6 19. Bf2 Rxe2 20. Rxe2 h5 21. a4 c6 22. Nf1 Qf6 23. a5 Nd7 24. Bg3 Bxg3 25. Nxg3 g4 26. fxg4 hxg4 27. hxg4 Rg8 28. Rf2 Qe6 29. Qe2 Qxg4 30. Qxg4 Rxg4 31. Ne2 Re4 32. Kf1 f6 33. Rf3 b6 34. axb6 axb6 35. c4 dxc4 36. bxc4 c5 37. dxc5 bxc5 38. Rf4 Re3 39. Kf2 Rb3 40. Rh4 Ne5 41. Rh8+ Kd7 42. Rh6 Ng4+ 0-1

[Event "IECC CL7-2005.13 email"]
[Site "IECC email"]
[Date "2005.09.05"]
[Round "?"]
[White "Newman, Ben"]
[Black "Copin, Jean Christophe"]
[Result "0-1"]
[WhiteElo "1112"]
[BlackElo "1170"]
[PlyCount "86"]
[EventDate "2005.??.??"]
[EventType "tourn (corr)"]
[EventRounds "4"]
[SourceTitle "Corr 2008"]
[Source "ChessBase"]
[SourceDate "2008.06.24"]
[SourceVersion "1"]
[SourceVersionDate "2008.06.24"]
[SourceQuality "1"]

1. Nf3 d5 2. b3 c5 3. e3 Nc6 4. Bb2 Nf6 5. Bb5 Bd7 6. d3 a6 7. Bxc6 Bxc6 8. 0-0 b5 9. Ne5 Bb7 10. Nd2 e6 11. c4 Bd6 12. a3 Nd7 13. Nxd7 Qxd7 14. Bxg7 Rg8 15. Bb2 dxc4 16. Nf3 cxd3 17. Rc1 d2 18. Rc2 0-0-0 19. Bf6 Be7 20. Bxe7 Qxe7 21. g3 Bxf3 22. Qxf3 Rd5 23. Rd1 Rgd8 24. Qe2 Qf6 25. f4 Qf5 26. Rcxd2 Rxd2 27. Rxd2 Rxd2 28. Qxd2 Qb1+ 29. Kg2 Qxb3 30. g4 Qd5+ 31. Qxd5 exd5 32. Kf2 a5 33. Ke2 Kd7 34. g5 Ke6 35. h3 f6 36. h4 fxg5 37. hxg5 Kf5 38. Kd3 a4 39. Ke2 d4 40. exd4 cxd4 41. Kd3 b4 42. Kxd4 bxa3 43. Kc3 Kxf4 0-1

[Event "IECC P-3957"]
[Site "IECC email"]
[Date "2005.06.27"]
[Round "?"]
[White "Newman, Ben"]
[Black "Shaffer Spencer, John"]
[Result "0-1"]
[WhiteElo "1098"]
[BlackElo "1567"]
[PlyCount "92"]
[EventDate "2005.??.??"]
[EventType "tourn (corr)"]
[EventRounds "1"]
[SourceTitle "Corr 2008"]
[Source "ChessBase"]
[SourceDate "2008.06.24"]
[SourceVersion "1"]
[SourceVersionDate "2008.06.24"]
[SourceQuality "1"]

1. e4 e6 2. d4 d5 3. Nc3 Bb4 4. a3 Bxc3+ 5. bxc3 dxe4 6. Qg4 Nf6 7. Qxg7 Rg8 8. Qh6 Nbd7 9. Ne2 b6 10. Ng3 Bb7 11. Be2 Qe7 12. 0-0 0-0-0 13. Qe3 h5 14. Bxh5 Nxh5 15. Nxh5 f5 16. Ng3 Rdf8 17. Qe2 Nf6 18. a4 a5 19. Ba3 c5 20. dxc5 bxc5 21. Qb5 Qc7 22. Qxc5 Qxc5 23. Bxc5 Rf7 24. Bb6 f4 25. Ne2 f3 26. Nf4 Nd5 27. Nxd5 Rxg2+ 28. Kh1 Rh7 29. Bc7 Bxd5 30. Bg3 e3 31. Rab1 Bb7 32. Rbe1 exf2 33. Rxf2 Rxg3 34. Rxe6 Rg2 35. Rxg2 fxg2+ 36. Kg1 Rf7 37. Re1 Rf3 38. Kxg2 Rxc3+ 39. Kf2 Rxc2+ 40. Kg3 Rg2+ 41. Kh3 Ra2 42. Kg3 Ra3+ 43. Kg4 Rxa4+ 44. Kg5 Bf3 45. Re3 Bd1 46. Rg3 Rg4+ 0-1

[Event "P-3767"]
[Site "IECC email"]
[Date "2004.09.25"]
[Round "?"]
[White "Newman, Ben"]
[Black "Martins, Karin"]
[Result "0-1"]
[WhiteElo "1079"]
[BlackElo "1540"]
[PlyCount "84"]
[EventDate "2004.??.??"]
[EventType "tourn (corr)"]
[SourceTitle "Corr 2020"]
[Source "ChessBase"]
[SourceDate "2019.09.30"]
[SourceVersion "1"]
[SourceVersionDate "2019.09.30"]
[SourceQuality "1"]
[WhiteTeam "Canada"]
[BlackTeam "Germany"]
[WhiteTeamCountry "CAN"]
[BlackTeamCountry "GER"]

1. e4 e5 2. Nf3 Nc6 3. Bb5 a6 4. Ba4 Nf6 5. 0-0 Be7 6. Re1 b5 7. Bb3 d6 8. c3 0-0 9. d4 Bg4 10. Be3 exd4 11. cxd4 d5 12. e5 Ne4 13. Nbd2 Qd7 14. a3 Nxd2 15. Qxd2 Bxf3 16. gxf3 Qe6 17. Rac1 b4 18. Ba4 Na7 19. Rxc7 bxa3 20. Rec1 Nb5 21. Bxb5 axb5 22. bxa3 Bxa3 23. R1c6 Qh3 24. Qe2 Rfb8 25. Bc1 Bxc1 26. Rxc1 b4 27. R7c5 b3 28. Rb5 Rxb5 29. Qxb5 Qxf3 30. Qb7 Re8 31. Qb5 Rf8 32. Rb1 Qg4+ 33. Kf1 Qxd4 34. Qxb3 Qxe5 35. Qg3 Qe4 36. Rb8 h6 37. Rxf8+ Kxf8 38. Qa3+ Kg8 39. f3 Qd4 40. Ke2 Kh7 41. Qd3+ Qxd3+ 42. Kxd3 Kg6 0-1

[Event "IECC M-5082"]
[Site "IECC email"]
[Date "2004.07.14"]
[Round "?"]
[White "Baznik Wilson, Anthony J"]
[Black "Newman, Ben"]
[Result "0-1"]
[WhiteElo "797"]
[BlackElo "1017"]
[PlyCount "72"]
[EventDate "2004.??.??"]
[EventType "tourn (corr)"]
[EventRounds "10"]
[SourceTitle "Corr 2020"]
[Source "ChessBase"]
[SourceDate "2019.09.30"]
[SourceVersion "1"]
[SourceVersionDate "2019.09.30"]
[SourceQuality "1"]
[WhiteTeam "United States"]
[BlackTeam "Canada"]
[WhiteTeamCountry "USA"]
[BlackTeamCountry "CAN"]

1. d4 Nf6 2. Bg5 d5 3. Nc3 Nbd7 4. Qd2 c5 5. 0-0-0 cxd4 6. Qxd4 Qa5 7. Nf3 e6 8. e4 Bc5 9. Qd3 Nxe4 10. Nxe4 dxe4 11. Qxe4 Bxf2 12. Kb1 0-0 13. Be7 Re8 14. Bd6 f5 15. Qc4 Nb6 16. Qf4 Nd5 17. Qg5 Qd8 18. Qxd8 Rxd8 19. Be5 Nc3+ 20. bxc3 Rxd1+ 21. Kb2 a5 22. a4 Bd7 23. g4 Bc6 24. Bg2 Rxh1 25. Bxh1 fxg4 26. Ng5 Bxh1 27. Nxe6 Re8 28. Nxg7 Rxe5 29. c4 Bd4+ 30. Kb3 Re3+ 31. c3 Kxg7 32. c5 Rxc3+ 33. Kb2 Rc4+ 34. Kb3 Bd5 35. h4 Rc1+ 36. Ka3 Ra1# 0-1